000 00379nam a2200181Ia 4500
005 20251020182617.0
008 200515s9999 xx 000 0 und d
082 _aSC/694:69.057.5/V77O
110 _aInce
245 0 _aCarpintería
260 _aCaracas
260 _c1975
300 _as.n.
650 _aENCOFRADOS
650 _aHO
650 _aPUB INCE
942 _cLIB
999 _c3539
_d3539